000 00501nam a2200181Ia 4500
005 20250326125832.0
008 250326s9999 xx 000 0 und d
037 _aTextbook
040 _aFMSL
_beng
_cFMSL
041 _aeng
_2eng
084 _aX:8M N4
_qFMSL
100 _aBurgess N
_9738734
245 0 _aHow to find out secretarial and office practice
_cBurgess N
260 _aOxford
_bOxford, Pegamon
_c1964
300 _a238p
942 _cTB
_hX:8M N4
999 _c1279799
_d1279799